| 000 | 01080nmm a2200313 a 4500 | ||
|---|---|---|---|
| 001 | ocm0001916793 | ||
| 003 | TR-IsHL | ||
| 005 | 20201028173124.0 | ||
| 008 | 180906s2018 tu tur | ||
| 007 | cr cn | ||
| 020 | _a9789752475625 | ||
| 035 |
_a1916793 _b(N$T) |
||
| 050 | 0 | 4 |
_aBP166 _b.K66 2018 |
| 090 | 0 | 4 |
_aBP166 _b.K66 2018 |
| 100 | 1 | _aKonyalı Mehmed Vehbi Efendi | |
| 245 | 1 | 0 |
_aAkaid-i hayriyye: Konyalı Mehmed Vehbi Efendi _h[electronic resource] / _cKonyalı Mehmed Vehbi Efendi ; Osmanlıcadan Sadeleştiren ve notlandıran Prof. Dr. Resul ÖztüRK |
| 250 | _a1. Basım | ||
| 260 |
_aKonya : _bEğitim Yayınevi, _c2018 |
||
| 300 | _a160 p. | ||
| 500 |
_aKaynakça var. _x |
||
| 650 | 4 | _aGenel Çalışmalar | |
| 650 | 4 | _aGeneral Works | |
| 650 | 0 |
_aİslam dini _x Akaid ve kelam |
|
| 650 | 0 |
_aIslam _x Aqaid |
|
| 650 | 0 | _aKonyalı Mehmed Vehbi Efendi | |
| 650 | 7 |
_aReligion : Islam - General _2bisacsh |
|
| 700 | 1 | _aÖztürk, Resul | |
| 856 | 4 | 0 | _uhttp://search.ebscohost.com/login.aspx?direct=true&scope=site&db=e011xww&AN=1916793 |
| 999 |
_c17542 _d17542 |
||